| 000 | 005080000a22001810004500 | ||
|---|---|---|---|
| 003 | MACL | ||
| 005 | 20160107163310.0 | ||
| 008 | 160107b xxu||||| |||| 00| 0 eng d | ||
| 040 |
_aMACL _cMACL |
||
| 041 | _aEnglish | ||
| 082 | _a891.2/BHA | ||
| 100 |
_aJha, Ganganatha _923607 |
||
| 245 |
_aThe Tattvasangraha of Santaraksita _bWith the Commentary of Kamalasila vol 2 |
||
| 260 |
_bOriental Institute _c1939 _aBaroda |
||
| 350 | _a20 | ||
| 650 |
_aSanskrit Literature _929370 |
||
| 942 |
_cBK _k891.2/JHA _2ddc |
||
| 999 |
_c38192 _d38192 |
||